[Event "SRB Central-ch op-B 5th"]
[Site "Paracin"]
[Date "2012.07.07"]
[Round "2"]
[White "Stojkovic, Dragan D"]
[Black "Djuretanovic, Ivan"]
[Result "1-0"]
[WhiteElo "1872"]
[BlackElo "2051"]
[PlyCount "120"]
[EventDate "2012.07.06"]
[EventType "swiss"]
[EventRounds "9"]
[EventCountry "SRB"]
[SourceTitle "CBM 149 Extra"]
[Source "ChessBase"]
[SourceDate "2012.08.24"]
[SourceVersion "1"]
[SourceVersionDate "2012.08.24"]
[SourceQuality "1"]

1. d4 Nf6 2. Bg5 b6 3. Nd2 Bb7 4. e3 e6 5. Ngf3 Be7 6. Bd3 h6 7. Bxf6 Bxf6 8. c3 d6 9. e4 0-0 10. h4 c5 11. g4 Nc6 12. dxc5 dxc5 13. Qe2 Be5 14. g5 h5 15. Nxe5 Nxe5 16. Bc2 g6 17. 0-0-0 Qc7 18. Rhf1 a5 19. f4 Ba6 20. c4 Nc6 21. Bd3 Nd4 22. Qe3 Qc6 23. f5 exf5 24. exf5 Rae8 25. Qg3 b5 26. fxg6 fxg6 27. Rxf8+ Rxf8 28. Be4 Qe6 29. Qg2 Qe5 30. Re1 Kg7 31. Kd1 Qd6 32. Bb7 Rd8 33. Bxa6 Nf3 34. Re2 Qd3 35. Kc1 Nxd2 36. Rxd2 Qxc4+ 37. Kb1 Re8 38. Qf2 Rf8 39. Rd7+ Kg8 40. Qc2 Rf1+ 41. Rd1 Rxd1+ 42. Qxd1 Qe4+ 43. Ka1 Qxh4 44. Qd8+ Kg7 45. Qe7+ Kg8 46. Qe6+ Kg7 47. Qf6+ Kh7 48. Qf7+ Kh8 49. Qf8+ Kh7 50. Qh6+ Kg8 51. Qxg6+ Kh8 52. Bxb5 Qh1+ 53. Qb1 Qg2 54. g6 h4 55. Bd3 h3 56. Be4 Qg3 57. Qf1 Kg7 58. Qf7+ Kh6 59. a3 Qe1+ 60. Bb1 h2 1-0

[Event "Paracin-ch"]
[Site "Paracin"]
[Date "2012.01.21"]
[Round "2"]
[White "Dinic, Dragan"]
[Black "Stojkovic, Dragan D"]
[Result "1-0"]
[WhiteElo "2310"]
[BlackElo "1898"]
[PlyCount "89"]
[EventDate "2012.01.20"]
[EventType "swiss"]
[EventRounds "9"]
[EventCountry "SRB"]
[SourceTitle "CBM 146 Extra"]
[Source "ChessBase"]
[SourceDate "2012.02.29"]
[SourceVersion "1"]
[SourceVersionDate "2012.02.29"]
[SourceQuality "1"]

1. e4 d6 2. d4 f5 3. Nc3 fxe4 4. Nxe4 g6 5. Nf3 Bg7 6. Bd3 Nf6 7. Nfg5 Nc6 8. c3 e6 9. 0-0 Qe7 10. Re1 0-0 11. Be3 Nd8 12. Nxf6+ Bxf6 13. Ne4 Bg7 14. Qe2 Nf7 15. Rad1 b6 16. c4 e5 17. d5 Nh6 18. b4 Ng4 19. Bg5 Qf7 20. c5 Bf5 21. f3 Nf6 22. cxd6 Bxe4 23. fxe4 cxd6 24. Rf1 h6 25. Bh4 g5 26. Bg3 Qg6 27. Rc1 Nh5 28. Bb5 Rxf1+ 29. Rxf1 Nxg3 30. hxg3 Rf8 31. Rxf8+ Bxf8 32. Bd7 Qg7 33. Be6+ Kh8 34. Qh5 Qe7 35. a4 a5 36. bxa5 bxa5 37. Kh2 Kg7 38. Qf3 Qc7 39. Qf1 Qa7 40. Qb5 Kf6 41. Qe8 Qe7 42. Qa8 Qc7 43. Bf5 Bg7 44. Qe8 Qe7 45. Qg6# 1-0

[Event "SRB Central-ch op-B 4th"]
[Site "Paracin"]
[Date "2011.07.13"]
[Round "7"]
[White "Radovic, Janko"]
[Black "Stojkovic, Dragan D"]
[Result "1-0"]
[WhiteElo "1985"]
[BlackElo "1905"]
[PlyCount "113"]
[EventDate "2011.07.08"]
[EventType "swiss"]
[EventRounds "9"]
[EventCountry "SRB"]
[SourceTitle "CBM 143 Extra"]
[Source "ChessBase"]
[SourceDate "2011.08.29"]
[SourceVersion "1"]
[SourceVersionDate "2011.08.29"]
[SourceQuality "1"]

1. e4 d6 2. d4 f5 3. Nc3 Nf6 4. Bd3 fxe4 5. Nxe4 Nc6 6. Nxf6+ exf6 7. Qh5+ Ke7 8. Qe2+ Kf7 9. Bc4+ d5 10. Qh5+ g6 11. Qxd5+ Qxd5 12. Bxd5+ Kg7 13. Bxc6 bxc6 14. Be3 Rb8 15. 0-0-0 a5 16. Ne2 Be6 17. a3 Rb7 18. Bd2 Ra7 19. Nf4 Bf7 20. Rhe1 Bd6 21. Ne6+ Bxe6 22. Rxe6 Kf7 23. Rde1 Rd8 24. R6e2 Raa8 25. c4 Bf8 26. Bc3 c5 27. d5 Bd6 28. Re6 f5 29. Be5 Rd7 30. Rf6+ Kg8 31. Bxd6 cxd6 32. Ree6 Rad8 33. h4 Kg7 34. f3 Kh6 35. g4 fxg4 36. fxg4 Kg7 37. h5 gxh5 38. gxh5 Kg8 39. h6 Kh8 40. Kc2 a4 41. b3 axb3+ 42. Kxb3 Rb8+ 43. Kc3 Ra7 44. Rxd6 Rxa3+ 45. Kc2 Ra2+ 46. Kd3 Kg8 47. Rf4 Ra3+ 48. Ke4 Re8+ 49. Re6 Raa8 50. Ke5 Rf8 51. Rxf8+ Kxf8 52. Kd6 Rc8 53. Kd7 Ra8 54. d6 Ra4 55. Kc6 Rxc4 56. d7 Rd4 57. Rd6 1-0